Statistics for Over 10,000 NFL Rushing Yards

Click here to take the quiz!

General Stats

  • This quiz has been taken 99 times
  • The average score is 18 of 31

Answer Stats

Yards Tears Answer % Correct
183551990-2004Emmitt Smith
100%
129992007-presentAdrian Peterson
96%
167261975-1987Walter Payton
93%
152691989-1998Barry Sanders
91%
145542005-presentFrank Gore
88%
136842001-2011La Dainian Tomlinson
87%
123121957-1965JimBrown
87%
122791994-2005Marshall Faulk
78%
136621993-2005Jerome Bettis
76%
132591983-1993Eric Dickerson
72%
141011995-2005Curtis Martin
69%
112361969-1979O.J.Simpson
68%
114382004-2015Steven Jackson
62%
122461999-2009Edgerrin James
59%
122431982-1997Marcus Allen
59%
120741988-2000Thurman Thomas
56%
127391977-1988Tony Dorsett
51%
104722009-presentLeSean McCoy
50%
100091999-2011Ricky Williams
50%
121201972-1984Franco Harris
49%
113521971-1985John Riggins
49%
103792007-presentMarshawn Lynch
49%
112411997-2006Corey Dillon
46%
104491997-2006Tiki Barber
46%
116951998-2010Fred Taylor
44%
106072000-2009Jamal Lewis
41%
105912000-2011Thomas Jones
38%
104411996-2004Eddie George
32%
109671997-2008Warrick Dunn
28%
102731979-1992Otis Anderson
3%
106431992-2001Rickt Watters
1%

Score Distribution

Percentile by Number Answered

Percent of People with Each Score

Your Score History

You have not taken this quiz